000 00665nam a2200217Ia 4500
001 dia_6713
003 CHAP
005 20251029170538.0
008 220117s1970 xx 000 0 und d
010 _a178032
040 _cCHAP
_amxchpua
090 _aF 118 1970
100 _aHernández Pallares, Luis
_954443
245 _aComo cultivar el trigo en el Bajío /
_c Luis Hernández Pallares y Francisco Vargas Sánchez
260 _aMéxico :
_b SAG. Departamento de Extensión Agrícola,
_c1970
300 _a[3] p.
901 _aF 118 1970
902 _aM
905 _a0000001970 MX 0000000000SPA00
942 _cFOLL
_2local
999 _c178032
_d178032